Psychologické aspekty marketingovej dynamiky veľkých obchodných centier

Súčasné trendy v maloobchodnom predaji. Integrácia obchodných jednotiek do veľkých obchodných centier. Situácia na Slovensku a v okolitých krajinách. Zákonitosti, ktoré je nutné rešpektovať pri zariaďovaní obchodného centra. Spoločný marketingový postup pre všetkých nájomcov. Správa a organizácia ná...

Descripción completa

Guardado en:
Detalles Bibliográficos
Autor principal: Soroková, Tatiana
Formato: Capítulo de libro
Lenguaje:eslovaco
Materias:
Etiquetas: Agregar Etiqueta
Sin Etiquetas, Sea el primero en etiquetar este registro!

MARC

LEADER 00000nla$a2200000$$$4500
001 0114485
005 20221019094255.8
041 0 |a slo 
044 |a SK 
245 1 0 |a Psychologické aspekty marketingovej dynamiky veľkých obchodných centier  |c Tatiana Soroková 
520 |a Súčasné trendy v maloobchodnom predaji. Integrácia obchodných jednotiek do veľkých obchodných centier. Situácia na Slovensku a v okolitých krajinách. Zákonitosti, ktoré je nutné rešpektovať pri zariaďovaní obchodného centra. Spoločný marketingový postup pre všetkých nájomcov. Správa a organizácia nájomných priestorov. 
610 2 0 |a centrá nákupné 
610 2 0 |a strediská nákupné 
610 2 0 |a supermarkety 
610 2 0 |a obrat maloobchodný 
610 2 0 |a marketing globálny 
610 2 0 |a zákazníci 
100 1 |a Soroková, Tatiana